DEA ako nástroj na meranie výkonnosti produkčných jednotiek

Autorka popukazuje na možnosti využitia základných vstupovo orientovaných DEA modelov a niektorých ich rozšírení na meranie a zlepšovanie výkonnosti produkčných jednotiek.

Uložené v:
Podrobná bibliografia
Hlavný autor: Furková, Andrea, 1975-
Médium: Kapitola
Jazyk:Slovak
Predmet:
Tagy: Pridať tag
Žiadne tagy, Buďte prvý, kto otaguje tento záznam!

MARC

LEADER 00000naa$a2200000$$$4500
001 0109851
005 20240502083255.2
041 0 |a slo 
044 |a CZ 
245 1 0 |a DEA ako nástroj na meranie výkonnosti produkčných jednotiek  |c Andrea Furková 
520 |a Autorka popukazuje na možnosti využitia základných vstupovo orientovaných DEA modelov a niektorých ich rozšírení na meranie a zlepšovanie výkonnosti produkčných jednotiek. 
610 2 0 |a firmy 
610 2 0 |a školy 
610 2 0 |a nemocnice 
610 2 0 |a pobočky bankové 
610 2 0 |a výkonnosť 
610 2 0 |a meranie 
610 2 0 |a modely 
100 1 |a Furková, Andrea, 1975-